000 00452nmm a2200157Ia 4500
008 251105s9999||||xx |||||||||||||||||und||
020 _a9788467195101
041 _apor
100 _aLewis, Jennifer
245 0 _aAventura de escândalo
264 _a[Madrid, España] :
_bHarlequin,
_c[Fecha de publicación no identificada]
300 _a0 páginas
650 _aRomance
856 _uhttps://public.digitaliapublishing.com/a/89595
942 _cCF
999 _c83685
_d83685